[Event "SRB-ch Semifinal 2021"]
[Site "Paracin"]
[Date "2021.03.20"]
[Round "7.6"]
[White "Tadic, Stefan"]
[Black "Ivanovic, Marko"]
[Result "0-1"]
[WhiteElo "2419"]
[BlackElo "2274"]
[Annotator "NA"]
[PlyCount "58"]
[EventDate "2021.03.16"]
[EventType "swiss"]
[EventCountry "SRB"]
[SourceTitle "playchess.com"]
[Source "ChessBase"]
[SourceQuality "1"]
[TimeControl "40/5400+30:1800+30"]

1. e4 {[%emt 0:00:00]} c6 {[%emt 0:05:25]} 2. d4 {[%emt 0:00:43]} d5 {[%emt 0:00:08]} 3. e5 {[%emt 0:00:18]} c5 {[%emt 0:00:07]} 4. dxc5 {[%emt 0:01:03]} e6 {[%emt 0:00:30]} 5. Nd2 {[%emt 0:12:15]} Nc6 {[%emt 0:03:03]} 6. Ngf3 {[%emt 0:01:12]} Bxc5 {[%emt 0:00:16]} 7. Nb3 {[%emt 0:00:34]} Bb6 {[%emt 0:01:25]} 8. Bf4 {[%emt 0:03:45]} f6 {[%emt 0:05:40]} 9. Bg3 {[%emt 0:09:08]} fxe5 {[%emt 0:06:34]} 10. Nxe5 {[%emt 0:00:19]} Qf6 {[%emt 0:09:57]} 11. Nxc6 {[%emt 0:04:44]} bxc6 {[%emt 0:00:30]} 12. Bd3 {[%emt 0:01:24]} Ne7 {[%emt 0:07:21]} 13. Qe2 {[%emt 0:17:39]} O-O {[%emt 0:00:23]} 14. O-O {[%emt 0:05:19]} Ng6 {[%emt 0:16:44]} 15. c4 {[%emt 0:11:09]} Nf4 {[%emt 0:01:40]} 16. Bxf4 {[%emt 0:00:06]} Qxf4 {[%emt 0:00:05]} 17. c5 {[%emt 0:00:13]} Bc7 {[%emt 0:00:36]} 18. g3 {[%emt 0:00:04]} Qf3 {[%emt 0:00:30]} 19. Nd4 {[%emt 0:03:50]} Qf6 {[%emt 0:06:38]} 20. Nxc6 {[%emt 0:06:30]} Bd7 {[%emt 0:00:32]} 21. Nb4 {[%emt 0:00:28]} Rab8 {[%emt 0:00:09]} 22. a3 {[%emt 0:01:57]} a5 {[%emt 0:01:04]} 23. c6 {[%emt 0:04:55]} Be8 {[%emt 0:04:34]} 24. Na6 {[%emt 0:11:02]} Rxb2 {[%emt 0:00:12]} 25. Qg4 {[%emt 0:00:08]} h5 {[%emt 0:09:04]} 26. Qh4 {[%emt 0:01:07]} g5 {[%emt 0:00:04]} 27. Qh3 {[%emt 0:01:08]} Bb6 {[%emt 0:00:04]} 28. c7 {[%emt 0:00:27]} Rxf2 {[%emt 0:02:49]} 29. Rxf2 {[%emt 0:00:10]} Bxf2+ {[%emt 0:00:13]} 0-1

[Event "SRB-ch Semifinal 2021"]
[Site "Paracin"]
[Date "2021.03.20"]
[Round "7.7"]
[White "Zegarac, Vuk"]
[Black "Drazic, Sinisa"]
[Result "0-1"]
[WhiteElo "2386"]
[BlackElo "2334"]
[Annotator "NA"]
[PlyCount "62"]
[EventDate "2021.03.16"]
[EventType "swiss"]
[EventCountry "SRB"]
[SourceTitle "playchess.com"]
[Source "ChessBase"]
[SourceQuality "1"]
[TimeControl "40/5400+30:1800+30"]

1. d4 {[%emt 0:00:00]} d5 {[%emt 0:00:18]} 2. c4 {[%emt 0:00:00]} dxc4 {[%emt 0:00:15]} 3. Nf3 {[%emt 0:00:00]} Nf6 {[%emt 0:00:03]} 4. Nc3 {[%emt 0:00:00]} a6 {[%emt 0:04:09]} 5. e4 {[%emt 0:00:24]} b5 {[%emt 0:00:06]} 6. e5 {[%emt 0:00:05]} Nd5 {[%emt 0:00:02]} 7. a4 {[%emt 0:00:08]} e6 {[%emt 0:02:29]} 8. axb5 {[%emt 0:01:07]} Nb6 {[%emt 0:00:04]} 9. bxa6 {[%emt 0:00:37]} Rxa6 {[%emt 0:00:22]} 10. Rxa6 {[%emt 0:00:07]} Bxa6 {[%emt 0:00:14]} 11. Be2 {[%emt 0:02:08]} Be7 {[%emt 0:01:07]} 12. O-O {[%emt 0:00:23]} O-O {[%emt 0:00:11]} 13. Qc2 {[%emt 0:00:22]} Nc6 {[%emt 0:03:15]} 14. Qe4 {[%emt 0:02:02]} Qd7 {[%emt 0:02:47]} 15. Qg4 {[%emt 0:03:39]} f5 {[%emt 0:00:19]} 16. exf6 {[%emt 0:01:04]} Bxf6 {[%emt 0:00:09]} 17. Rd1 {[%emt 0:01:38]} e5 {[%emt 0:12:16]} 18. Qxd7 {[%emt 0:04:57]} Nxd7 {[%emt 0:00:02]} 19. Ne4 {[%emt 0:08:08]} exd4 {[%emt 0:04:53]} 20. Nxf6+ {[%emt 0:00:20]} Rxf6 {[%emt 0:00:06]} 21. Nxd4 {[%emt 0:01:15]} Nce5 {[%emt 0:00:13]} 22. Be3 {[%emt 0:04:58]} Rb6 {[%emt 0:01:25]} 23. Ra1 {[%emt 0:15:06]} c5 {[%emt 0:16:59]} 24. Nf5 {[%emt 0:05:46]} c3 {[%emt 0:01:58]} 25. Ne7+ {[%emt 0:01:49]} Kf7 {[%emt 0:03:19]} 26. Nd5 {[%emt 0:00:06]} cxb2 {[%emt 0:00:33]} 27. Rb1 {[%emt 0:00:05]} Rd6 {[%emt 0:00:23]} 28. Bxa6 {[%emt 0:00:55]} Rxa6 {[%emt 0:00:15]} 29. f4 {[%emt 0:00:12]} Nc4 {[%emt 0:00:57]} 30. Kf2 {[%emt 0:00:10]} Nf6 {[%emt 0:00:19]} 31. Nxf6 {[%emt 0:00:15]} gxf6 {[%emt 0:00:07]} 0-1

[Event "SRB-ch Semifinal 2021"]
[Site "Paracin"]
[Date "2021.03.20"]
[Round "7.8"]
[White "Abramovic, Bosko"]
[Black "Arsovic, Zoran"]
[Result "0-1"]
[WhiteElo "2330"]
[BlackElo "2374"]
[Annotator "TA"]
[PlyCount "114"]
[EventDate "2021.03.16"]
[EventType "swiss"]
[EventCountry "SRB"]
[SourceTitle "playchess.com"]
[Source "ChessBase"]
[SourceQuality "1"]

{[%evp 17,114,17,20,14,17,9,11,10,23,0,0,0,0,0,0,0,20,2,0,0,0,0,0,-32,-38,-35,-43,-36,-33,-80,-102,-88,-70,-71,-75,-104,-112,-107,-108,-140,-75,-66,-58,-96,-65,-58,-45,-49,-42,-94,-22,-26,-25,-15,0,0,0,0,0,0,0,0,0,0,0,0,0,0,0,-40,-33,-75,-87,-133,-158,-313,-309,-297,-279,-294,-311,-304,-298,-389,-385,-358,-334,-532,-522,-489,-395,-451,-393,-811,-629,-1175,-1014,-988,-959]} 1. Nf3 c5 2. g3 g6 3. Bg2 Bg7 4. O-O Nc6 5. c3 e6 6. d4 cxd4 7. cxd4 d5 8. Nc3 Nge7 9. b3 O-O 10. e3 {10.Bb2 is not played anymore. A04: Unusual lines after 1 Nf3 and King's Indian Attack.} b6 11. Ba3 Ba6 12. Re1 {The position is equal.} Qd7 {[#]} 13. Bf1 $146 ({Predecessor:} 13. e4 Rfe8 14. Rc1 Rac8 15. e5 Bh6 16. Rc2 Nb8 17. h4 Rc7 18. Nh2 Rec8 19. Ng4 {½-½ (48) Kramnik,V (2812)-Anand,V (2770) Leuven 2016}) 13... Bxf1 14. Rxf1 Rfc8 15. Rc1 Nf5 16. Qd3 Bf8 17. Bxf8 Kxf8 18. Rfd1 Kg7 19. Kg2 Qb7 20. e4 {[#]} Nb4 $1 21. Qe2 dxe4 22. Nxe4 Nd5 23. Nd6 {[%mdl 64] Decoy} Nxd6 24. Qe5+ Kg8 25. Qxd6 Qa6 26. Rxc8+ Rxc8 27. Re1 Qb7 $1 ({Reject} 27... Qxa2 $6 28. Rxe6 $1 fxe6 29. Qxe6+ Kg7 30. Qd7+ Kh6 31. Qh3+ Kg7 32. Qd7+ Kh6 33. Qh3+ Kg7 34. Qxc8 $11 (34. Qd7+ Kh6 $11)) 28. Kg1 Qc6 (28... Rc2 $142 29. Qd8+ Kg7) 29. Qe5 $17 Qc7 30. Qe2 a5 31. Ne5 Qe7 32. Nc4 Qb4 33. Kf1 (33. h4 $15) 33... Rc7 (33... a4 $17 34. Qd3 axb3 35. axb3 Kg7) 34. Qe5 $11 Rd7 (34... Qc3 {feels hotter.} 35. Kg2 h5 36. h4 Rc8 37. Nd6 Rf8) 35. Qb8+ Qf8 36. Qxf8+ Kxf8 {[%mdl 4096] Endgame KRN-KRN} 37. a4 Ke7 38. Ke2 g5 39. Rc1 f6 40. h3 h5 41. Ne3 Nb4 42. Rc4 Rd6 43. g4 h4 44. f3 Kd7 45. Kd2 Nc6 46. Nc2 {[#]} (46. Kc3 $17) 46... Ne5 $1 $19 47. Rc3 {[#]} Ng6 $1 48. b4 axb4 49. Rb3 Nf4 50. Rxb4 Nxh3 51. Rb5 Nf4 52. a5 (52. Rb1 $142) 52... bxa5 53. Rxa5 Ke7 54. Ra8 h3 55. Ke3 $2 (55. Rb8) 55... Rc6 {Black is clearly winning.} 56. Nb4 Rc4 57. Ra7+ Kf8 {Weighted Error Value: White=0.41/Black=0.15} 0-1

[Event "SRB-ch Semifinal 2021"]
[Site "Paracin"]
[Date "2021.03.20"]
[Round "7.9"]
[White "Martic, Ivan"]
[Black "Irizanin, Radoje"]
[Result "0-1"]
[WhiteElo "2321"]
[BlackElo "2343"]
[Annotator "NA"]
[PlyCount "87"]
[EventDate "2021.03.16"]
[EventType "swiss"]
[EventCountry "SRB"]
[SourceTitle "playchess.com"]
[Source "ChessBase"]
[SourceQuality "1"]
[TimeControl "40/5400+30:1800+30"]

1. d4 {[%emt 0:00:12]} d5 {[%emt 0:00:04]} 2. Bf4 {[%emt 0:00:53]} Bg4 {[%emt 0:00:13]} 3. f3 {[%emt 0:00:35]} Bf5 {[%emt 0:01:20]} 4. Nc3 {[%emt 0:03:18]} e6 {[%emt 0:04:46]} 5. e3 {[%emt 0:03:54]} Bd6 {[%emt 0:05:13]} 6. Nge2 {[%emt 0:02:49]} Ne7 {[%emt 0:04:07]} 7. Qd2 {[%emt 0:02:49]} Nbc6 {[%emt 0:08:51]} 8. Nb5 {[%emt 0:06:26]} Bxf4 {[%emt 0:04:08]} 9. Nxf4 {[%emt 0:00:22]} a6 {[%emt 0:02:10]} 10. Nc3 {[%emt 0:01:17]} Qd6 {[%emt 0:04:25]} 11. g4 {[%emt 0:14:13]} Bg6 {[%emt 0:01:23]} 12. h4 {[%emt 0:01:18]} f6 {[%emt 0:03:40]} 13. O-O-O {[%emt 0:04:53]} Bf7 {[%emt 0:05:37]} 14. Bh3 {[%emt 0:05:42]} O-O-O {[%emt 0:02:48]} 15. Na4 {[%emt 0:07:01]} Kb8 {[%emt 0:04:44]} 16. Qc3 {[%emt 0:08:06]} e5 {[%emt 0:08:11]} 17. Nd3 {[%emt 0:00:43]} exd4 {[%emt 0:01:16]} 18. exd4 {[%emt 0:00:08]} Nc8 {[%emt 0:00:49]} 19. Nac5 {[%emt 0:03:44]} Nb6 {[%emt 0:02:21]} 20. b3 {[%emt 0:01:07]} Rhe8 {[%emt 0:02:45]} 21. a4 {[%emt 0:01:35]} Nd7 {[%emt 0:05:18]} 22. Kb2 {[%emt 0:03:47]} Re3 {[%emt 0:06:56]} 23. Nxd7+ {[%emt 0:02:23]} Rxd7 {[%emt 0:00:41]} 24. f4 {[%emt 0:01:30]} Rde7 {[%emt 0:01:14]} 25. g5 {[%emt 0:04:21]} R7e4 {[%emt 0:02:23]} 26. Bf5 {[%emt 0:01:39]} Rxf4 {[%emt 0:02:32]} 27. Qd2 {[%emt 0:02:05]} Rff3 {[%emt 0:02:07]} 28. Ne1 {[%emt 0:04:22]} Rxe1 {[%emt 0:02:07]} 29. Rdxe1 {[%emt 0:00:57]} Rxf5 {[%emt 0:00:10]} 30. Rhf1 {[%emt 0:00:24]} Rxf1 {[%emt 0:02:37]} 31. Rxf1 {[%emt 0:00:06]} Bg6 {[%emt 0:00:39]} 32. gxf6 {[%emt 0:00:26]} gxf6 {[%emt 0:00:08]} 33. Qf2 {[%emt 0:01:31]} Be4 {[%emt 0:02:56]} 34. Qxf6 {[%emt 0:01:28]} Qxf6 {[%emt 0:00:29]} 35. Rxf6 {[%emt 0:00:06]} Nxd4 {[%emt 0:00:12]} 36. Rf8+ {[%emt 0:00:10]} Ka7 {[%emt 0:00:07]} 37. c3 {[%emt 0:00:10]} Nf5 {[%emt 0:04:46]} 38. h5 {[%emt 0:00:21]} Kb6 {[%emt 0:01:31]} 39. Rf6+ {[%emt 0:01:09]} Nd6 {[%emt 0:01:03]} 40. Kc1 {[%emt 0:00:00]} a5 {[%emt 0:00:00]} 41. Kd2 {[%emt 0:01:26]} Kc6 {[%emt 0:06:42]} 42. Rf8 {[%emt 0:01:58]} Kd7 {[%emt 0:02:06]} 43. Ra8 {[%emt 0:00:16]} b6 {[%emt 0:01:21]} 44. Ke1 0-1

[Event "SRB-ch Semifinal 2021"]
[Site "Paracin"]
[Date "2021.03.20"]
[Round "7.10"]
[White "Perunovic, Miodrag"]
[Black "Pajcin, Lav"]
[Result "1-0"]
[WhiteElo "2428"]
[BlackElo "2167"]
[Annotator "NA"]
[PlyCount "67"]
[EventDate "2021.03.16"]
[EventType "swiss"]
[EventCountry "SRB"]
[SourceTitle "playchess.com"]
[Source "ChessBase"]
[SourceQuality "1"]
[TimeControl "40/5400+30:1800+30"]

1. e4 {[%emt 0:00:00]} c5 {[%emt 0:00:00]} 2. Nc3 {[%emt 0:00:00]} Nc6 {[%emt 0:00:34]} 3. Bb5 {[%emt 0:00:00]} Nd4 {[%emt 0:02:08]} 4. Nf3 {[%emt 0:00:00]} e6 {[%emt 0:03:44]} 5. O-O {[%emt 0:00:00]} a6 {[%emt 0:02:54]} 6. Bd3 {[%emt 0:00:00]} Ne7 {[%emt 0:02:24]} 7. Nxd4 {[%emt 0:00:00]} cxd4 {[%emt 0:00:07]} 8. Ne2 {[%emt 0:00:02]} Nc6 {[%emt 0:01:03]} 9. c3 {[%emt 0:00:03]} dxc3 {[%emt 0:05:10]} 10. dxc3 {[%emt 0:00:03]} Be7 {[%emt 0:01:01]} 11. Bc2 {[%emt 0:01:20]} b5 {[%emt 0:06:13]} 12. f4 {[%emt 0:03:28]} Bb7 13. Be3 {[%emt 0:01:21]} Qc7 {[%emt 0:04:20]} 14. Kh1 {[%emt 0:00:43]} h5 {[%emt 0:05:20]} 15. Qe1 {[%emt 0:00:51]} h4 {[%emt 0:02:22]} 16. h3 {[%emt 0:00:01]} d6 {[%emt 0:03:13]} 17. Qf2 {[%emt 0:00:07]} Bf6 {[%emt 0:04:03]} 18. Rad1 {[%emt 0:00:35]} e5 {[%emt 0:08:20]} 19. Bb6 {[%emt 0:02:29]} Qe7 {[%emt 0:03:03]} 20. f5 {[%emt 0:01:02]} O-O {[%emt 0:01:37]} 21. Ng1 {[%emt 0:00:05]} a5 {[%emt 0:02:10]} 22. Nf3 {[%emt 0:00:29]} Ba6 {[%emt 0:01:36]} 23. Rd2 {[%emt 0:01:30]} Rab8 {[%emt 0:00:51]} 24. Rfd1 {[%emt 0:00:35]} Qb7 {[%emt 0:05:04]} 25. Be3 {[%emt 0:00:07]} Rfd8 {[%emt 0:02:47]} 26. Ng5 {[%emt 0:01:04]} Kf8 {[%emt 0:06:52]} 27. Qxh4 {[%emt 0:00:08]} Ke7 {[%emt 0:00:48]} 28. Qf2 {[%emt 0:00:01]} Ke8 {[%emt 0:01:51]} 29. Bb3 {[%emt 0:00:16]} Rd7 {[%emt 0:01:38]} 30. Rxd6 {[%emt 0:00:13]} Rbd8 {[%emt 0:02:15]} 31. Rxd7 {[%emt 0:00:29]} Rxd7 {[%emt 0:00:13]} 32. Rxd7 {[%emt 0:00:02]} Qxd7 {[%emt 0:01:09]} 33. Bxf7+ {[%emt 0:00:02]} Kd8 {[%emt 0:00:33]} 34. Bb6+ {[%emt 0:00:17]} 1-0

[Event "SRB-ch Semifinal 2021"]
[Site "Paracin"]
[Date "2021.03.21"]
[Round "8.1"]
[White "Budisavljevic, Luka"]
[Black "Ratkovic, Miloje"]
[Result "1-0"]
[WhiteElo "2510"]
[BlackElo "2497"]
[Annotator "ChessBase"]
[PlyCount "93"]
[EventDate "2021.03.16"]
[EventType "swiss"]
[EventCountry "SRB"]
[SourceTitle "playchess.com"]
[Source "ChessBase"]
[SourceQuality "1"]
[TimeControl "40/5400+30:1800+30"]

1. e4 {[%emt 0:00:00]} b6 {[%emt 0:00:38]} 2. d4 {[%emt 0:00:00]} Bb7 {[%emt 0:00:07]} 3. Bd3 {[%emt 0:00:36]} e6 {[%emt 0:00:24]} 4. Nf3 {[%emt 0:00:20]} c5 {[%emt 0:01:14]} 5. c3 {[%emt 0:00:27]} Nf6 {[%emt 0:00:59]} 6. Qe2 {[%emt 0:00:48]} Be7 {[%emt 0:02:21]} 7. O-O {[%emt 0:00:43]} Nc6 {[%emt 0:00:54]} 8. a3 {[%emt 0:04:09]} Na5 {[%emt 0:00:53]} 9. Nbd2 {[%emt 0:02:12]} c4 {[%emt 0:00:41]} 10. Bc2 {[%emt 0:01:23]} Qc7 {[%emt 0:00:57]} 11. Re1 {[%emt 0:04:53]} O-O {[%emt 0:00:20]} 12. Rb1 {[%emt 0:03:15]} Nh5 {[%emt 0:29:27]} 13. Nf1 {[%emt 0:14:08]} Nf4 {[%emt 0:03:24]} 14. Bxf4 {[%emt 0:05:02]} Qxf4 {[%emt 0:00:08]} 15. Ne5 {[%emt 0:00:59]} Bd6 {[%emt 0:18:44]} 16. Nxc4 {[%emt 0:14:12]} Nxc4 {[%emt 0:05:51]} 17. Qxc4 {[%emt 0:00:09]} f5 {[%emt 0:02:14]} 18. Re3 {[%emt 0:11:07]} fxe4 {[%emt 0:03:01]} 19. Qe2 {[%emt 0:00:07]} Ba6 {[%emt 0:06:23]} 20. Qe1 {[%emt 0:05:12]} Bxf1 {[%emt 0:02:09]} 21. g3 {[%emt 0:00:17]} Qg5 {[%emt 0:08:59]} 22. Qxf1 {[%emt 0:00:18]} Rf6 {[%emt 0:01:09]} 23. Qe2 {[%emt 0:05:09]} Raf8 {[%emt 0:06:08]} 24. Rf1 {[%emt 0:00:08]} h5 {[%emt 0:03:17]} 25. Rxe4 {[%emt 0:05:36]} Rh6 {[%emt 0:00:08]} 26. Rh4 {[%emt 0:06:15]} Be7 {[%emt 0:01:07]} 27. Bd1 {[%emt 0:01:25]} Rf5 {[%emt 0:01:19]} 28. Bc2 {[%emt 0:04:40]} Rf8 {[%emt 0:00:09]} 29. Re4 {[%emt 0:01:33]} h4 {[%emt 0:00:40]} 30. Re5 {[%emt 0:01:06]} Qf6 {[%emt 0:00:11]} 31. Rh5 {[%emt 0:00:55]} Bd6 {[%emt 0:00:47]} 32. Kg2 {[%emt 0:02:43]} hxg3 {[%emt 0:00:45]} 33. hxg3 {[%emt 0:00:43]} Kf7 {[%emt 0:00:28]} 34. Rxh6 {[%emt 0:00:07]} Qxh6 {[%emt 0:00:30]} 35. Rh1 {[%emt 0:00:04]} Qg5 {[%emt 0:00:21]} 36. Rh5 {[%emt 0:01:34]} Qc1 {[%emt 0:00:33]} 37. Rh1 {[%emt 0:04:20]} Qg5 {[%emt 0:00:15]} 38. Rh5 {[%emt 0:00:20]} Qc1 {[%emt 0:00:09]} 39. Bd3 {[%emt 0:01:38]} Ke7 {[%emt 0:00:35]} 40. f4 {[%emt 0:00:00]} Bxf4 {[%emt 0:00:00]} 41. gxf4 {[%emt 0:01:13]} Qxf4 {[%emt 0:01:12]} 42. Rh3 {[%emt 0:00:48]} Kd8 {[%emt 0:00:48]} 43. Qe3 {[%emt 0:00:48]} Qg4+ {[%emt 0:00:57]} 44. Rg3 {[%emt 0:00:17]} Qd1 {[%emt 0:00:17]} 45. Rxg7 {[%emt 0:05:23]} Rh8 {[%emt 0:03:03]} 46. Qg5+ {[%emt 0:00:14]} Kc7 {[%emt 0:00:07]} 47. Qe5+ {[%emt 0:00:15]} 1-0

[Event "SRB-ch Semifinal 2021"]
[Site "Paracin"]
[Date "2021.03.21"]
[Round "8.2"]
[White "Stankovic, Milos"]
[Black "Cabarkapa, Novak"]
[Result "1/2-1/2"]
[WhiteElo "2414"]
[BlackElo "2455"]
[Annotator "ChessBase"]
[PlyCount "25"]
[EventDate "2021.03.16"]
[EventType "swiss"]
[EventCountry "SRB"]
[SourceTitle "playchess.com"]
[Source "ChessBase"]
[SourceQuality "1"]
[TimeControl "40/5400+30:1800+30"]

1. e4 {[%emt 0:00:38]} c5 {[%emt 0:00:32]} 2. Nf3 {[%emt 0:00:34]} Nc6 {[%emt 0:00:03]} 3. Bb5 {[%emt 0:00:36]} e6 {[%emt 0:00:05]} 4. O-O {[%emt 0:01:39]} Nge7 {[%emt 0:00:08]} 5. d4 {[%emt 0:01:21]} cxd4 {[%emt 0:00:10]} 6. Nxd4 {[%emt 0:00:32]} Ng6 {[%emt 0:00:10]} 7. Be3 {[%emt 0:01:33]} Be7 {[%emt 0:00:42]} 8. Nc3 {[%emt 0:01:25]} O-O {[%emt 0:01:00]} 9. Be2 {[%emt 0:00:29]} b6 {[%emt 0:04:27]} 10. Nb3 {[%emt 0:04:48]} Bb7 {[%emt 0:01:26]} 11. f4 {[%emt 0:00:28]} Qc8 {[%emt 0:03:31]} 12. Nb5 {[%emt 0:08:19]} f5 {[%emt 0:09:43]} 13. e5 {[%emt 0:27:08]} 1/2-1/2

[Event "SRB-ch Semifinal 2021"]
[Site "Paracin"]
[Date "2021.03.21"]
[Round "8.3"]
[White "Sedlak, Nikola"]
[Black "Popovic, Milan S"]
[Result "1-0"]
[WhiteElo "2514"]
[BlackElo "2327"]
[Annotator "ChessBase"]
[PlyCount "79"]
[EventDate "2021.03.16"]
[EventType "swiss"]
[EventCountry "SRB"]
[SourceTitle "playchess.com"]
[Source "ChessBase"]
[SourceQuality "1"]
[TimeControl "40/5400+30:1800+30"]

1. c4 {[%emt 0:03:48]} g6 {[%emt 0:00:00]} 2. Nc3 {[%emt 0:00:31]} Bg7 {[%emt 0:00:00]} 3. g3 {[%emt 0:02:15]} d6 {[%emt 0:02:21]} 4. Bg2 {[%emt 0:00:09]} e5 {[%emt 0:07:46]} 5. d3 {[%emt 0:03:20]} f5 {[%emt 0:03:27]} 6. e4 {[%emt 0:02:09]} Nc6 {[%emt 0:04:19]} 7. Nge2 {[%emt 0:01:16]} Nf6 {[%emt 0:00:22]} 8. Nd5 {[%emt 0:00:28]} fxe4 {[%emt 0:17:04]} 9. dxe4 {[%emt 0:01:19]} Bg4 {[%emt 0:00:55]} 10. f3 {[%emt 0:01:04]} Be6 {[%emt 0:00:29]} 11. Be3 {[%emt 0:01:54]} Qd7 {[%emt 0:02:14]} 12. Qd2 {[%emt 0:01:01]} Nd8 {[%emt 0:03:51]} 13. O-O {[%emt 0:10:10]} O-O {[%emt 0:03:03]} 14. b3 {[%emt 0:00:42]} Nxd5 {[%emt 0:14:43]} 15. cxd5 {[%emt 0:02:57]} Bh3 {[%emt 0:00:37]} 16. Rac1 {[%emt 0:00:23]} Bxg2 {[%emt 0:00:08]} 17. Kxg2 {[%emt 0:00:09]} c5 {[%emt 0:03:33]} 18. h4 {[%emt 0:02:52]} b5 {[%emt 0:04:52]} 19. h5 {[%emt 0:06:01]} a5 {[%emt 0:00:40]} 20. hxg6 {[%emt 0:00:36]} hxg6 {[%emt 0:00:03]} 21. a3 {[%emt 0:08:06]} Qe8 {[%emt 0:02:58]} 22. Nc3 {[%emt 0:03:43]} b4 {[%emt 0:02:02]} 23. Na4 {[%emt 0:01:53]} Rb8 {[%emt 0:02:18]} 24. Qc2 {[%emt 0:02:14]} Nf7 {[%emt 0:07:45]} 25. axb4 {[%emt 0:02:16]} axb4 {[%emt 0:02:36]} 26. Nb2 {[%emt 0:03:08]} Bf6 {[%emt 0:00:50]} 27. Nc4 {[%emt 0:00:23]} Kg7 {[%emt 0:00:42]} 28. Rh1 {[%emt 0:02:13]} Qd7 {[%emt 0:01:05]} 29. Nxd6 {[%emt 0:04:44]} Qxd6 {[%emt 0:00:45]} 30. Bxc5 {[%emt 0:00:06]} Qa6 {[%emt 0:00:18]} 31. Bxf8+ {[%emt 0:00:19]} Rxf8 {[%emt 0:00:04]} 32. Qc4 {[%emt 0:04:02]} Qb6 {[%emt 0:01:06]} 33. Rc2 {[%emt 0:00:21]} Bd8 {[%emt 0:01:58]} 34. Qc5 {[%emt 0:07:12]} Qxc5 {[%emt 0:10:49]} 35. Rxc5 {[%emt 0:00:21]} Be7 {[%emt 0:00:01]} 36. Rc7 {[%emt 0:02:56]} Bd6 {[%emt 0:00:05]} 37. Rd7 {[%emt 0:00:29]} Rc8 {[%emt 0:01:11]} 38. Ra1 {[%emt 0:00:25]} Rc2+ {[%emt 0:01:28]} 39. Kh3 {[%emt 0:00:09]} Kf6 {[%emt 0:00:30]} 40. Raa7 {[%emt 0:00:00]} 1-0

[Event "SRB-ch Semifinal 2021"]
[Site "Paracin"]
[Date "2021.03.21"]
[Round "8.4"]
[White "Milosevic, Milos"]
[Black "Radovanovic, Nikola"]
[Result "0-1"]
[WhiteElo "2315"]
[BlackElo "2391"]
[Annotator "TA"]
[PlyCount "120"]
[EventDate "2021.03.16"]
[EventType "swiss"]
[EventCountry "SRB"]
[SourceTitle "playchess.com"]
[Source "ChessBase"]
[SourceQuality "1"]

{[%evp 12,120,47,27,43,25,48,36,36,29,39,37,32,0,0,-20,0,-92,-106,-100,-91,-92,-106,-91,-82,-127,-91,-89,-102,-92,-89,-102,-88,-114,-106,-97,-99,-107,-95,-93,-91,-91,-91,-114,-96,-110,-117,-134,-131,-146,-125,-129,-127,-159,-168,-162,-149,-262,-169,-186,-103,-93,-72,-72,-72,-72,-72,-74,-75,-63,-14,-55,-62,-114,-109,-446,-426,-729,-729,-729,-729,-729,-229,-729,-721,-704,-692,-722,-422,-1729,-721,-721,-592,-29942,-12850,-12825,-11710,-29951,-29953,-29948,-10499,-29965,-29967,-29974,-29974,-29976,-29978,-29978,-29979,-29979,-29977]} 1. e4 c6 2. d4 g6 3. f4 d5 4. e5 Nh6 5. Nf3 f6 6. Bd3 Bg7 7. Nc3 Bg4 {B15: Caro-Kann: 3 Nc3: 3...g6 and 3...dxe4 4 Nxe4 Nf6 5 Nxf6+ exf6.} 8. O-O {[#] is the legacy move (8.h3).} Nf5 $146 ({Predecessor:} 8... O-O 9. h3 Bxf3 10. Rxf3 fxe5 11. fxe5 e6 12. Rxf8+ Qxf8 13. Ne2 c5 14. c3 Nc6 15. Be3 Nf5 16. Bxf5 Qxf5 {1-0 (42) Areshchenko,A (2687)-Makarov,M (2520) Olginka 2011}) 9. Bxf5 Bxf5 {White is slightly better.} 10. Nh4 e6 11. Nxf5 exf5 12. g4 (12. Na4 $14) 12... fxg4 $11 13. f5 fxe5 14. Qxg4 (14. dxe5 $11 Bxe5 15. Re1) 14... O-O $17 15. dxe5 {aiming for f6.} Rxf5 ({Worse is} 15... Bxe5 16. Bh6 $14) 16. Rxf5 gxf5 17. Qxf5 Nd7 {[%cal Bb8d7,Bd7f6,Bf6g4][%mdl 32]} 18. e6 Qf6 19. Qxf6 Nxf6 20. Bg5 Re8 21. Re1 Ng4 22. Bf4 Bh6 23. Bxh6 Nxh6 {[%mdl 4096] Endgame KRN-KRN} 24. Re5 Kg7 25. Ne2 {[#]} Nf7 $1 {[%cal Rf7e5]} 26. Re3 Ng5 $1 27. Nf4 Kf6 28. Ra3 a6 ({But not} 28... Nxe6 $6 29. Nxe6 Rxe6 30. Rxa7 $11) 29. Rb3 Re7 30. Kg2 Nxe6 31. Nxe6 Kxe6 {KR-KR} 32. Kf3 Kd6 33. Rb4 b5 34. Rb3 (34. Rh4 $17 {was worth a try.}) 34... d4 35. Ra3 Ra7 (35... Re1 $1 $19 36. Rxa6 Rc1) 36. Ke4 c5 37. Rh3 {Black must now prevent Rh6+.} Re7+ 38. Kd3 Kd5 39. Rh5+ Re5 $1 {[%cal Re5h5]} 40. Rxh7 c4+ 41. Kd2 Rg5 42. Rd7+ (42. Rh6 $15) 42... Kc5 43. Rc7+ $2 {[%mdl 8192] This costs White the game.} (43. Re7 $17 {is a better chance.}) 43... Kb4 $1 $19 44. a3+ (44. Ra7 $142 Rg2+ 45. Kd1) 44... Ka4 $1 45. Rd7 Rg2+ 46. Kc1 Rg1+ 47. Kd2 Rb1 48. Rxd4 Rxb2 49. h4 {Threatening h5.} Rb1 $1 50. Rg4 (50. Kc3 $142 Kxa3 51. Rd6) 50... Rh1 (50... Kxa3 $142 51. c3 Kb2) 51. Rg3 a5 $1 {[%cal Ba6a5,Ba5b4][%mdl 32]} 52. Re3 {[#]} b4 $1 {[%cal Rb4a3]} 53. axb4 axb4 54. Re4 c3+ 55. Kd3 Ka3 56. Rg4 Rh3+ {Black mates.} 57. Kc4 b3 58. cxb3 {[#]} c2 $1 59. Rg1 Rxb3 ({Weaker is} 59... Kb2 60. b4 $17) 60. Kd4 Kb2 {Weighted Error Value: White=0.77/Black=0.11} 0-1